Normal view MARC view

Entry Personal Name

Number of records used in: 1

001 - CONTROL NUMBER

  • control field: 59996

003 - CONTROL NUMBER IDENTIFIER

  • control field: OSt

005 - DATE AND TIME OF LATEST TRANSACTION

  • control field: 20260407144843.0

008 - FIXED-LENGTH DATA ELEMENTS

  • fixed length control field: 260407|| aca||aabn | a|a d

040 ## - CATALOGING SOURCE

  • Original cataloging agency: OSt
  • Transcribing agency: OSt

100 ## - HEADING--PERSONAL NAME

  • Personal name: Garcias, Frédéric Dalmasso, Cédric and Depeyre, Colette

670 ## - SOURCE DATA FOUND

  • Source citation: Work cat.: (OSt): Garcias, Frédéric Dalmasso, Cédric and Depeyre, Colette , “Can’t remember what i forgot:” investigating organizational forgetting within a project-based organization

Powered by Koha